000 00313nam a22000977a 4500
008 150327b xxu||||| |||| 00| 0 eng d
020 _a978160805612
_cAvailable
082 _a616.99REH
_b002840
245 _aTopics in Anti-Cancer Research (Vol:1)
_cRahman-Atta-Ur
_hEnglish
260 _aUSA
_bBentham Science Publisher
_c2014
999 _c24759
_d24759